The Hitchhiker's Guide novels - Statistics

General Stats
  • This quiz has been taken 27 times
  • The average score is 4 of 5
Answer Stats
Book title % Correct
The Restaurant at the End of the Universe
91%
The Hitchhiker's Guide to the Galaxy
86%
So Long, and Thanks for All the Fish
73%
Life, the Universe and Everything
55%
Mostly Harmless
50%
No matching quizzes found
Score Distribution
Percent of People with Each Score
Percentile by Number Answered
Your Score History
You have not taken this quiz